00500 2200169 4500245005200000020002200052250001100074100001800085700001800103650001800121005001900139260011900158041001400277084001200291300001800303336000900321 aPara Penjaga Teluk YoutefacDzikry el HanhText a978-602-437-480-8 aCet. 1 aDzikry el Han aWenny Oktavia aCerita Rakyat a20241104111918 aJakartabBadan Pengembangan dan Pembinaan Bahasa, Kementerian Pendidikan dan Kebudayaan, Republik Indonesia.c2018 aIndonesia a398.209 avi :c51 hlm. atext